| 000 | 01097nam a22004210a 4500 | ||
|---|---|---|---|
| 001 | PT36676 | ||
| 003 | AR-LpoUNG | ||
| 005 | 20260115130411.0 | ||
| 008 | 201001s2010||||ag |||||||||||||||||spa d | ||
| 020 |
_a9789876300827 _c$48.60 |
||
| 040 |
_aAR-LpoUNG _bspa _eaacr |
||
| 041 | _aspa | ||
| 044 | _aag | ||
| 082 | 0 | _a507 195v2 | |
| 100 | 1 |
_aCampero, Agustín _ecoor. |
|
| 245 | 1 | 0 |
_aMateadas científicas II : _bmuseo interactivo |
| 250 | _a1ra. ed. | ||
| 260 |
_aBuenos Aires : _bUniversidad Nacional de General Sarmiento, _c2010. |
||
| 300 |
_a256 p. : _bil. |
||
| 490 | 0 | _aCuadernos de la Ciencia y la Tecnología | |
| 650 | 4 | _aASTRONOMIA | |
| 650 | 4 | _aCIENCIA Y TECNOLOGIA | |
| 650 | 4 | _aCIUDADES | |
| 650 | 4 | _aCULTURA | |
| 650 | 4 | _aECOLOGIA | |
| 650 | 4 | _aECONOMIA | |
| 650 | 4 | _aFILOSOFIA | |
| 650 | 4 | _aHISTORIA | |
| 650 | 4 | _aINVESTIGACION Y DESARROLLO | |
| 650 | 4 | _aMEDIO AMBIENTE | |
| 650 | 4 | _aMUSICA | |
| 650 | 4 | _aSOCIEDAD | |
| 651 | 4 | _aArgentina | |
| 653 | 0 | _aBICENTENARIO | |
| 700 | 1 |
_aRomanelli, Lilia _ecoor. |
|
| 905 | _a36676 | ||
| 942 |
_cLIB _2ddc |
||
| 999 |
_c50669 _d50669 |
||